[Event "23rd ETCC Open 2021"]
[Site "Catez"]
[Date "2021.11.14"]
[Round "3.15"]
[White "Piorun, Kacper"]
[Black "Parligras, Mircea-Emilian"]
[Result "1-0"]
[WhiteElo "2634"]
[BlackElo "2576"]
[Annotator "TA"]
[PlyCount "153"]
[EventDate "2021.11.08"]
[EventType "team-tourn"]
[EventCountry "SLO"]
[SourceTitle "playchess.com"]
[Source "ChessBase"]
[SourceQuality "1"]
[WhiteTeam "Poland"]
[BlackTeam "Romania"]
[WhiteTeamCountry "POL"]
[BlackTeamCountry "ROU"]

{[%evp 18,153,-10,0,5,11,26,40,41,23,27,33,54,65,100,114,100,103,94,101,103,
109,87,101,95,109,106,77,85,73,70,82,75,67,80,75,78,78,86,90,119,112,130,101,
105,113,105,91,113,95,104,73,166,135,170,89,139,141,196,186,193,182,174,176,
249,170,159,161,150,158,154,132,141,137,295,287,243,272,343,329,342,323,302,
306,664,650,644,613,558,564,597,359,359,360,677,927,796,829,840,701,631,612,
884,816,617,617,843,816,711,691,643,443,1076,1076,945,945,736,728,1259,626,988,
997,1016,958,1229,1221,1059,1059,2091,1903,29967,29966,29970,29971,29973,29973,
29972,29972]} 1. d4 Nf6 2. c4 e6 3. Nf3 d5 4. g3 Bb4+ 5. Bd2 Be7 6. Bg2 O-O 7.
O-O c6 8. Bf4 Nbd7 9. Nc3 dxc4 {9...Nh5 is vanishing.} 10. e4 b5 {E07: Closed
Catalan: Main Line (5 Nf3 0-0 6 0-0 Nbd7).} 11. d5 $1 {[%cal Rd5d6] Hoping for
d6.} cxd5 12. exd5 exd5 {White is slightly better.} 13. Nxd5 Nxd5 14. Qxd5 {
[%mdl 64] Double Attack} Ba6 15. Nd4 Bf6 16. Nc6 Bb7 17. Rad1 {[#]} ({But not} 
17. Qxb5 Qb6 $14) 17... Rc8 $146 ({Predecessor:} 17... Nb6 18. Qf5 Qc8 19. Qxf6
gxf6 20. Ne7+ Kg7 21. Nxc8 Bxg2 22. Nxb6 axb6 23. Kxg2 Rxa2 {1-0 (30) Ftacnik,
L (2570)-Gulamali,K (2350) Charlotte 2011}) 18. Qxb5 Qb6 {[#]} 19. Nxa7 {
[%mdl 512]} Qxb5 20. Nxb5 Bxg2 21. Kxg2 Ne5 22. Nd6 Rc6 23. b3 cxb3 24. axb3
Ng6 25. Be3 Rb8 26. Nc4 Rc7 27. Rd3 Rcb7 28. Rb1 Rb4 {Strongly threatening ...
Rxc4!} 29. Na5 {Nc6 is the strong threat.} Rc8 30. Rc1 Rxc1 31. Bxc1 Rb5 32.
Nc4 h5 33. f4 Ne7 34. Be3 Rb8 (34... Nf5 $16 {was called for.}) 35. Nb6 Nf5 36.
Bf2 (36. Bc5 $18) 36... Bd8 37. Nd5 Ne7 (37... Ba5 $16 {is a better defense.}
38. h3 Rb5) 38. b4 $18 h4 39. Nc3 hxg3 40. hxg3 Bb6 (40... Nc6 {keeps fighting.
} 41. b5 Na5) 41. Rd7 Bxf2 42. Kxf2 {[%mdl 4096] Endgame KRN-KRN} Kf8 43. b5
Ke8 44. Rd3 Nc8 45. Ke3 Nb6 $2 {This move loses the game for Black.} (45... Ke7
$16 {might work better.} 46. g4 Nd6) 46. Nd5 Nd7 47. Kd4 Kd8 48. Kc4 Rc8+ 49.
Kb4 Ke8 50. Ra3 Nb8 $2 (50... f6 51. Re3+ Kf8) 51. Ra7 Rd8 52. Kc4 Rc8+ 53. Kd4
Rd8 54. g4 Nd7 55. Kc4 Rc8+ $2 (55... f6 56. b6 Rc8+ 57. Kb4 Rc1) 56. Kb4 Rd8
57. g5 Nb8 58. Kc4 Rc8+ 59. Kd4 Rd8 60. Rc7 Nd7 61. Kc4 Rb8 62. Kb4 Kd8 63. Ra7
Ke8 64. Ra1 Rd8 (64... Kd8 $142 65. Ra7 Ke8) 65. Re1+ Kf8 66. Rh1 {[%cal Rh1h8]
} Ke8 67. b6 {[%cal Bb5b6,Bb6b7][%mdl 32]} Nb8 68. Kc5 (68. Rh8+ $142 Kd7 69.
Rxd8+ Kxd8 70. b7) 68... Kd7 69. b7 Re8 70. Rh7 Re1 71. Rxg7 Rc1+ 72. Kb5 Ke6 {
[#]} 73. Rg8 $1 Nd7 {[#]} (73... Nc6 74. Nb4) 74. Rd8 $1 {White mates.} Rc5+
75. Kb4 Rc1 76. Nc3 Rc2 77. Kb3 {Weighted Error Value: White=0.15/Black=0.28}
1-0

[Event "23rd ETCC Open 2021"]
[Site "Catez"]
[Date "2021.11.14"]
[Round "3.16"]
[White "Gavrilescu, David"]
[Black "Teclaf, Pawel"]
[Result "1/2-1/2"]
[WhiteElo "2514"]
[BlackElo "2543"]
[Annotator "ChessBase"]
[PlyCount "60"]
[EventDate "2021.11.08"]
[EventType "team-tourn"]
[EventCountry "SLO"]
[SourceTitle "playchess.com"]
[Source "ChessBase"]
[SourceQuality "1"]
[WhiteTeam "Romania"]
[BlackTeam "Poland"]
[WhiteTeamCountry "ROU"]
[BlackTeamCountry "POL"]
[TimeControl "40/5400+30:1800+30"]

1. e4 e5 2. Nf3 Nf6 3. d4 Nxe4 4. Bd3 Nc6 5. Nxe5 Nxe5 6. dxe5 Nc5 7. Bc4 c6 8.
O-O d5 9. exd6 Be6 10. Bxe6 Nxe6 11. Qh5 Bxd6 12. Rd1 O-O 13. Nc3 Qc7 14. Ne4
Be5 15. c3 Rad8 16. Be3 Bf4 17. Bxf4 Qxf4 18. Qe2 Qe5 19. Qf3 Ng5 20. Nxg5 Qxg5
21. Rxd8 Rxd8 22. Rd1 g6 23. g3 Rd2 24. Rxd2 Qxd2 25. Qe4 Qxb2 26. Qe8+ Kg7 27.
Qe5+ Kg8 28. Qe8+ Kg7 29. Qe5+ Kg8 30. Qe8+ Kg7 1/2-1/2

[Event "23rd ETCC Open 2021"]
[Site "Catez"]
[Date "2021.11.14"]
[Round "3.17"]
[White "Christiansen, Johan-Sebastian"]
[Black "Volokitin, Andrei"]
[Result "0-1"]
[WhiteElo "2582"]
[BlackElo "2656"]
[Annotator "TA"]
[PlyCount "84"]
[EventDate "2021.11.08"]
[EventType "team-tourn"]
[EventCountry "SLO"]
[SourceTitle "playchess.com"]
[Source "ChessBase"]
[SourceQuality "1"]
[WhiteTeam "Norway"]
[BlackTeam "Ukraine"]
[WhiteTeamCountry "NOR"]
[BlackTeamCountry "UKR"]

{[%evp 9,84,11,29,18,20,0,13,15,16,19,15,10,16,23,21,0,0,-14,0,-67,-69,-62,-34,
-20,-22,-15,-16,-33,-19,-87,-101,-112,-111,-106,-102,-110,-116,-89,-81,-143,
-134,-334,-338,-322,-335,-428,-418,-393,-395,-653,-652,-601,-602,-665,-666,
-651,-625,-633,0,-620,-604,-671,-660,-627,-617,-793,-784,-737,-711,-820,-814,
-799,-778,-685,-700,-29977,-29977]} 1. c4 Nf6 2. Nf3 c5 3. Nc3 d5 4. cxd5 Nxd5
5. e3 e6 6. Nxd5 {A17: English Opening: 1...Nf6 with ...Bb4.} exd5 7. b4 c4 8.
Bb2 {The position is equal.} Bxb4 9. Bxg7 Rg8 10. Bb2 Nc6 11. Qc2 Rg6 12. h4 {
[#]} h5 $146 ({Predecessor:} 12... Bg4 13. h5 Rh6 14. Ne5 Nxe5 15. Bxe5 Bd6 16.
Bg7 Rxh5 17. Rh3 Rh4 18. Rxh4 Bh5 19. Qf5 Qxh4 20. Qxd5 Rd8 21. Qxc4 Bb4 22.
Qb5+ Rd7 23. Qe5+ Be7 24. Rc1 {1-0 (24) Gordon,S (2528)-Hill,A (2186) England
2018}) 13. Be2 Bg4 ({Don't play} 13... Rxg2 $6 14. Ng5 $16) 14. Nd4 (14. Kf1
$11) 14... Qd7 $15 15. g3 Bc5 {[#] ...Nb4 is the strong threat.} 16. Nxc6 Rxc6
17. Bxg4 Qxg4 18. Be5 O-O-O 19. Qh7 (19. a4 $11 {remains equal.}) 19... d4 $17
{[#] Hoping for ...dxe3.} 20. O-O Qg6 21. Qxg6 fxg6 ({But not} 21... Rxg6 $6
22. Rfc1 $11) 22. a4 Rd5 23. Bg7 Bb4 $36 {[%mdl 2048] Black has strong
initiative.} 24. Bxd4 ({White should try} 24. e4 Rd7 25. Bh6) 24... Bxd2 25.
Bb2 $2 (25. Ra2 $17 c3 26. Rc2) 25... c3 $19 26. Bc1 c2 27. Kg2 Bxc1 28. Rfxc1
{[%mdl 4096] Endgame KRR-KRR} Rd2 29. e4 $2 (29. Kf3) 29... Rc3 30. Ra2 Kd7 31.
a5 Ke6 32. Rb2 Ke5 33. Rb5+ Ke6 34. Rb2 $1 Kd6 35. Ra2 Ke5 36. Rb2 Kxe4 37.
Rb4+ Kd3 38. Rxb7 Rd1 39. Rd7+ Ke2 40. Re7+ Kd2 41. Rxc2+ Rxc2 42. Rxa7 Ke1 {
Weighted Error Value: White=0.50/Black=0.14} 0-1

[Event "23rd ETCC Open 2021"]
[Site "Catez"]
[Date "2021.11.14"]
[Round "3.18"]
[White "Kuzubov, Yuriy"]
[Black "Urkedal, Frode Olav Olsen"]
[Result "1/2-1/2"]
[WhiteElo "2637"]
[BlackElo "2569"]
[Annotator "TA"]
[PlyCount "64"]
[EventDate "2021.11.08"]
[EventType "team-tourn"]
[EventCountry "SLO"]
[SourceTitle "playchess.com"]
[Source "ChessBase"]
[SourceQuality "1"]
[WhiteTeam "Ukraine"]
[BlackTeam "Norway"]
[WhiteTeamCountry "UKR"]
[BlackTeamCountry "NOR"]

{[%evp 22,64,0,0,0,0,0,0,0,4,6,6,14,7,12,10,17,12,15,0,25,0,7,0,0,0,0,0,0,0,0,
0,0,0,0,0,3,-16,-5,-6,-14,-15,-14,-10,-10]} 1. d4 Nf6 2. c4 e6 3. Nf3 d5 4. Nc3
Be7 5. Bg5 O-O 6. e3 h6 7. Bh4 b6 8. cxd5 Nxd5 9. Bxe7 Qxe7 10. Nxd5 exd5 11.
Be2 Be6 12. O-O Nd7 {D59: Queen's Gambit Declined: Tartakower Defence: Main
line (8 cxd5 Nxd5).} 13. Ne1 c5 14. dxc5 bxc5 15. Nd3 {[#]} Rab8 $146 ({
Predecessor:} 15... Rfb8 16. b3 a5 17. Nf4 Nf6 18. Qc2 a4 19. h3 axb3 20. axb3
Qd6 21. Rfc1 Rxa1 22. Rxa1 {1/2-1/2 (37) Agdestein,S (2600)-Short,N (2635)
Reykjavik 1990}) 16. b3 Rfd8 17. Rc1 Rbc8 18. Qd2 Nf6 19. Nf4 Bf5 20. Ba6 Rc6
21. Bd3 Bxd3 {The position is equal.} 22. Qxd3 d4 23. exd4 Rxd4 24. Qf3 Qe4 25.
Qxe4 Nxe4 26. f3 Nf6 27. g3 g5 28. Ng2 Nd5 29. Rfe1 c4 30. Rxc4 Rdxc4 31. bxc4
Rxc4 32. Ne3 Nxe3 {A rather calm draw.  Weighted Error Value: White=0.02/
Black=0.02} 1/2-1/2

[Event "23rd ETCC Open 2021"]
[Site "Catez"]
[Date "2021.11.14"]
[Round "3.19"]
[White "Hauge, Lars Oskar"]
[Black "Shevchenko, Kirill"]
[Result "1/2-1/2"]
[WhiteElo "2490"]
[BlackElo "2647"]
[Annotator "TA"]
[PlyCount "89"]
[EventDate "2021.11.08"]
[EventType "team-tourn"]
[EventCountry "SLO"]
[SourceTitle "playchess.com"]
[Source "ChessBase"]
[SourceQuality "1"]
[WhiteTeam "Norway"]
[BlackTeam "Ukraine"]
[WhiteTeamCountry "NOR"]
[BlackTeamCountry "UKR"]

{[%evp 9,89,8,7,7,0,0,-9,-20,-22,-33,0,0,0,0,10,0,-16,-16,-25,-35,-13,-12,-17,
-16,-13,-11,21,20,21,24,11,13,48,53,56,53,63,68,71,77,108,107,97,64,103,102,93,
109,108,104,148,129,143,154,154,87,114,111,99,81,83,62,72,73,66,47,58,8,85,74,
120,60,115,105,104,0,40,0,0,0,30,-18]} 1. e4 c5 2. Nf3 Nc6 3. Bb5 g6 4. Nc3 Bg7
5. d3 d6 6. Bxc6+ {B30: Sicilian: 2...Nc6 3 Bb5, lines without ...g6.} (6. O-O
{is interesting.} Bd7 7. Re1 Nf6 8. Nd5 O-O 9. Bg5) 6... bxc6 7. O-O e5 8. Ne1
{The position is equal.} Rb8 9. Rb1 Nf6 10. f4 {[#]} exf4 $146 ({Predecessor:} 
10... Bg4 11. Nf3 exf4 12. Bxf4 Nh5 13. Be3 O-O 14. h3 Bxf3 15. Qxf3 Be5 16.
Ne2 Qa5 {1-0 (23) Hengelbrock,J (2319)-Rapoport,V (2278) Germany 2005}) 11.
Bxf4 O-O 12. Nf3 Nh5 13. Be3 f5 14. e5 Re8 15. Bg5 Qd7 16. exd6 Qxd6 17. Qd2
Be6 (17... c4 $5) 18. b3 Bd5 19. Nxd5 cxd5 20. Rbe1 f4 21. Rxe8+ Rxe8 22. Re1
Rxe1+ 23. Qxe1 h6 24. Be7 Qc6 25. Qa5 c4 26. Qc5 $36 {[%mdl 2048] White has
some pressure.} ({Don't play} 26. Qxa7 cxd3 27. cxd3 (27. Qb8+ $2 Kh7 $19)
27... Qc1+ 28. Kf2 Qc2+ 29. Kg1 Qb1+ 30. Kf2 Qxd3 $15) 26... Qe6 27. dxc4 dxc4
28. Qxc4 Qxc4 29. bxc4 $16 {[%mdl 4096] Endgame KBN-KBN} Kf7 30. Bc5 a6 31. Kf1
g5 32. Bd4 (32. Ke2 $142) 32... Ke6 33. c3 g4 34. Nd2 (34. Ne1 {feels hotter.}
a5 35. Ke2 Be5 36. Nd3 Bc7 37. Nf2) 34... Be5 35. Ke2 Nf6 36. Kd3 h5 37. Bg1 h4
38. c5 Bc7 (38... f3 $11 39. gxf3 g3 40. hxg3 Bxg3) 39. Nb3 Ke5 40. Nd4 ({
White should play} 40. h3 $16) 40... Nd7 $14 {[#]} 41. Nc6+ $1 Ke6 42. Nd4+ ({
Better is} 42. c4 $16) 42... Ke5 $1 43. Ne2 Kf5 {Threatening ...Ne5+.} 44. Nd4+
Ke5 45. Bf2 {Blacks defense is rewarded with a draw.  Weighted Error Value:
White=0.10/Black=0.12} 1/2-1/2

[Event "23rd ETCC Open 2021"]
[Site "Catez"]
[Date "2021.11.14"]
[Round "3.20"]
[White "Onyshchuk, Volodymyr"]
[Black "Notkevich, Benjamin Arvola"]
[Result "1/2-1/2"]
[WhiteElo "2622"]
[BlackElo "2471"]
[Annotator "TA"]
[PlyCount "126"]
[EventDate "2021.11.08"]
[EventType "team-tourn"]
[EventCountry "SLO"]
[SourceTitle "playchess.com"]
[Source "ChessBase"]
[SourceQuality "1"]
[WhiteTeam "Ukraine"]
[BlackTeam "Norway"]
[WhiteTeamCountry "UKR"]
[BlackTeamCountry "NOR"]

{[%evp 21,126,18,36,0,21,0,7,7,9,9,9,-10,-16,-22,-8,0,-9,-58,0,-43,-36,-57,-41,
-49,-39,-35,-18,-41,0,-27,-28,-104,8,9,87,75,80,0,0,0,0,0,93,82,89,74,87,79,
130,57,53,50,186,168,174,186,250,263,240,255,276,266,233,135,152,53,71,59,58,9,
8,0,0,0,0,0,0,8,41,42,45,0,0,0,0,0,0,0,0,0,0,0,0,0,0,0,0,0,0,0,0,0,0,0,0,0,0]} 
1. e4 c5 2. Nf3 d6 3. Bb5+ Bd7 4. Bxd7+ Qxd7 5. c4 Nc6 6. Nc3 g6 7. d4 cxd4 8.
Nxd4 Bg7 9. Be3 Nf6 10. f3 O-O 11. O-O a6 12. a4 {12.Qd3 gains popularity. B52:
Sicilian: Moscow Variation with 3...Bd7.} e6 13. Rc1 Ne5 14. b3 d5 15. exd5
exd5 {[#]} 16. c5 $146 ({Predecessor:} 16. cxd5 Rad8 17. Nc2 Nxd5 18. Nxd5 Qxd5
19. Qxd5 Rxd5 20. Nb4 Rd7 21. Rfd1 Rxd1+ 22. Rxd1 {1/2-1/2 (32) Pospisil,L 
(2518)-Sochor,F (2475) ICCF email 2013}) 16... Rfe8 17. Bf2 Rac8 18. b4 Bh6 19.
Ra1 Nh5 (19... a5 $15) 20. Nde2 Rcd8 21. Kh1 Nc4 22. Qd3 Ne3 23. Rfe1 f5 24.
Bh4 Rc8 25. Rab1 Qf7 26. Bf2 {[#]} (26. Qd2 $1 $11 {remains equal.}) 26... Rcd8
(26... d4 $1 $17 {[%cal Rd4c3]} 27. Bxe3 (27. Nxd4 Nf4 $17 {[%mdl 64] Double
Attack}) (27. Qxd4 $2 Nc2 $19) 27... Bxe3) 27. g3 $1 $11 d4 (27... Nf6 $11) 28.
Nxd4 $16 {[%cal Rf2e3]} f4 {aiming for ...Rxd4!} 29. Bxe3 (29. Ne4 $16 Rxd4 30.
Qxd4 fxg3 31. Rxe3 Bxe3 32. Qxe3 gxf2 33. Rf1) 29... fxe3 $11 30. Kg2 Bg7 31.
Nce2 Rd5 (31... Rf8 $11) 32. Rbd1 $16 Bf6 33. Qc2 Red8 {[%cal Rf6d4]} 34. Nb3
Ng7 (34... Rxd1 $142 35. Rxd1 Rxd1 36. Qxd1 Qc4) 35. Nf4 ({Better is} 35. Rxd5
$16 Qxd5 36. Nf4) 35... Rxd1 $14 36. Rxd1 Rxd1 (36... Rf8 $1 $14) 37. Qxd1 $18
Nf5 {Black wants to play ...e2!} 38. Qd3 Kg7 (38... Bg7 {was necessary.} 39.
Qd8+ Bf8) 39. b5 axb5 40. axb5 Be5 41. Ne2 h5 42. f4 (42. b6 $18) 42... Bf6 43.
Kf1 ({White should play} 43. c6 $16) 43... Qe6 44. Na5 Qa2 45. Nb3 {Strongly
threatening c6.} ({But not} 45. Nxb7 $2 Qa1+ 46. Kg2 Qe1 $19) 45... Qa4 46. Kg2
Qb4 47. Kf1 Kh6 48. c6 bxc6 49. bxc6 Qb6 50. Qc4 Qd8 51. Kg2 Qd1 $1 {[#] And
now ...Nd6 would win.The position is equal.} 52. c7 Nd6 53. Qa6 Qd5+ 54. Kg1
Qd1+ 55. Kg2 Qd5+ 56. Kg1 Qxb3 57. Qxd6 Qb1+ 58. Kg2 Qe4+ 59. Kg1 Qf3 60. c8=Q
{White wants to mate with Qdf8+.} Qf2+ 61. Kh1 {Qdf8+ would kill now.} Qf3+ 62.
Kg1 {Intending Qdf8+ and mate.} Qf2+ 63. Kh1 {Threatening mate with Qdf8+.}
Qf3+ {Black defended with fortune.  Weighted Error Value: White=0.19/Black=0.19
} 1/2-1/2

[Event "23rd ETCC Open 2021"]
[Site "Catez"]
[Date "2021.11.14"]
[Round "3.21"]
[White "Nabaty, Tamir"]
[Black "Sargissian, Gabriel"]
[Result "0-1"]
[WhiteElo "2649"]
[BlackElo "2664"]
[Annotator "TA"]
[PlyCount "140"]
[EventDate "2021.11.08"]
[EventType "team-tourn"]
[EventCountry "SLO"]
[SourceTitle "playchess.com"]
[Source "ChessBase"]
[SourceQuality "1"]
[WhiteTeam "Israel"]
[BlackTeam "Armenia"]
[WhiteTeamCountry "ISR"]
[BlackTeamCountry "ARM"]

{[%evp 25,140,12,14,0,0,8,6,-6,27,37,30,0,0,0,0,-25,-16,-23,-10,-28,0,-68,-72,
-61,-55,-55,-68,-131,-138,-135,-130,-139,-122,-144,-103,-123,-120,-129,-150,
-141,-147,-142,-136,-140,-140,-140,-140,-166,-161,-168,-165,-173,-179,-180,
-180,-180,-180,-237,-237,-256,-250,-322,-323,-695,-700,-685,-683,-677,-670,
-1435,-1455,-1405,-1320,-1462,-1424,-1539,-1523,-1422,-1412,-1519,-1515,-1535,
-1512,-1445,-1256,-1335,-1324,-1236,-1229,-432,-303,-1929,-1368,-2926,-2710,
-2159,-1705,-11234,-7031,-6601,-5671,-5664,-5469,-29963,-29961,-29969,-29970,
-29969,-29970,-29970,-29971,-29973,-29969,-29974,-29975,-29975,-29976]} 1. d4
d5 2. c4 e6 3. Nc3 Nf6 4. cxd5 exd5 5. Bg5 c6 6. Qc2 h6 7. Bh4 Be7 8. e3 O-O 9.
Bd3 Re8 10. Nge2 Nbd7 11. O-O Nh5 12. Bxe7 Qxe7 13. a3 Nb6 14. Rae1 {D36:
Queen's Gambit Declined: Exchange Variation: Main line (5 Bg5 c6 6 Qc2).} Bd7
15. Nc1 Rad8 {[#]} 16. b4 $146 {The position is equal.} ({Predecessor:} 16. Nb3
Nc8 17. Nc5 Nd6 18. Nxd7 Qxd7 19. b4 Nf6 20. Rc1 Nc4 21. Qe2 b5 22. a4 a6 23.
Ra1 Qe7 24. Rfb1 g6 25. Qe1 Kg7 26. Ra2 Nd7 27. Qd1 Ndb6 28. Qc2 h5 {1/2-1/2 
(28) Celestini,M (2263)-Johnston,A (2394) ICCF email 2018}) 16... Nf6 17. Nb3
Ne4 18. Bxe4 dxe4 19. Nd2 {[%cal Rc3e4]} f5 $1 20. f3 exf3 21. Nxf3 Nc4 22. e4
f4 23. Qc1 ({White should try} 23. Qa2 $11 Qf7 24. Nd2 Nxd2 25. Qxd2) 23... Bg4
$15 24. Nd2 Rxd4 25. Nxc4 Rxc4 26. Qxf4 {Black converts the advantage
convincingly.} (26. Rxf4 $15 Qg5 27. g3) 26... Rxc3 $17 27. Qxg4 Rxa3 28. e5
Qe6 29. Rf5 Rd3 30. Ref1 {Rf8+! is the strong threat.} Re3 31. Rf8+ Kh7 32.
Qxe6 Rxe6 {[%mdl 4096] Endgame KRR-KRR} 33. R8f7 b5 ({Don't take} 33... R3xe5
34. Rxb7 a6 35. Rff7 $15) 34. Rxa7 R3xe5 35. Rff7 Rg6 36. Ra2 Re4 37. Rb2 Rc4
38. h3 Rf6 39. Rc7 h5 40. Kh2 h4 41. Re7 (41. Rb1 $142) 41... Rf1 $19 {White
must now prevent ...Rcc1.} 42. Re5 g6 43. Rd2 Rxb4 44. Re6 $2 (44. g3) 44...
Rbb1 $1 {[%csl Gb1][%cal Rf1h1]} 45. g4 Rh1+ 46. Kg2 Rbg1+ 47. Kf2 Rh2+ 48.
Kxg1 Rxd2 49. Rxc6 {KR-KR} Rd3 50. Kg2 Rg3+ 51. Kh2 Kh6 $1 52. Rc5 b4 {[%cal
Bb5b4,Bb4b3][%mdl 32]} 53. Rd5 b3 54. Rb5 Rc3 {( -> ...Rc2+)} 55. Kg2 Rd3 56.
Rc5 Rd2+ 57. Kf3 Rh2 58. g5+ $2 (58. Rb5 Rxh3+ 59. Kg2 Rg3+ 60. Kf2) 58... Kh5
59. Rc8 Kxg5 ({Avoid the trap} 59... Rxh3+ $2 60. Kf4 $18) 60. Rc5+ Kf6 61. Kg4
b2 62. Rb5 Ke6 63. Kxh4 Kd6 64. Kg5 Rg2+ {Black mates.} 65. Kf6 g5 66. Kf5 {[#]
} Kc6 $1 67. Rb8 {[#]} Kd5 $1 {[%cal Rd5c4]} 68. Kf6 Kd4 69. Rb5 Kc3 70. Kf5
Rg3 {Weighted Error Value: White=0.66/Black=0.05} 0-1

[Event "23rd ETCC Open 2021"]
[Site "Catez"]
[Date "2021.11.14"]
[Round "3.22"]
[White "Martirosyan, Haik M."]
[Black "Smirin, Ilia"]
[Result "1/2-1/2"]
[WhiteElo "2624"]
[BlackElo "2616"]
[Annotator "TA"]
[PlyCount "61"]
[EventDate "2021.11.08"]
[EventType "team-tourn"]
[EventCountry "SLO"]
[SourceTitle "playchess.com"]
[Source "ChessBase"]
[SourceQuality "1"]
[WhiteTeam "Armenia"]
[BlackTeam "Israel"]
[WhiteTeamCountry "ARM"]
[BlackTeamCountry "ISR"]

{[%evp 19,61,49,52,51,51,51,52,58,54,54,60,39,52,45,61,49,42,2,27,28,22,14,44,
32,34,33,56,68,60,-6,-9,-10,8,0,0,0,0,0,61,62,87,0,0,-1]} 1. d4 Nf6 2. c4 g6 3.
Nf3 Bg7 4. g3 O-O 5. Bg2 d6 6. O-O Nc6 7. Nc3 {[%cal Bb1c3,Bc3d5,Bd5c7][%mdl
32]} e5 8. dxe5 dxe5 9. Bg5 h6 10. Qxd8 Rxd8 11. Bxf6 {E62: King's Indian:
Fianchetto: 6...c6 and Panno Variation (6...Nc6) without ...a6.} Bxf6 12. Nd5
Kg7 13. Nxc7 {White is slightly better.} Rb8 14. e4 Be7 15. Nd5 Bc5 {[#]} 16.
Ne1 $146 ({Predecessor:} 16. Rfd1 Be6 17. b3 a5 18. Rd2 a4 19. bxa4 Ra8 20. Nc7
Rxd2 21. Nxd2 Rxa4 22. Nxe6+ fxe6 {1/2-1/2 (92) Giri,A (2780)-Dubov,D (2710)
chess24.com INT 2021}) 16... Nb4 17. a3 Nxd5 18. exd5 Bf5 19. b4 Bd4 20. Ra2 {
With the idea Nf3.} a5 21. Nf3 Bc3 $1 22. bxa5 {Rc1 is the strong threat.} Rbc8
23. Rc1 Rxc4 24. Nh4 ({Better is} 24. a6 $1 $14 bxa6 25. Nxe5 $1 {[%mdl 64] Pin
}) 24... Bd3 $11 {Black wants to play ...e4.} 25. Bf1 $1 {[%cal Rf1d3]} Rxd5
26. Bxd3 Rxd3 27. Rac2 Rc6 $1 28. a6 $1 {[%cal Ra6b7]} Bd4 ({Of course not} 
28... bxa6 $6 29. Kf1 $16) (28... Bb2 $1 $11 29. axb7 Rb6) 29. axb7 $14 Rb6 {
[#]} 30. Rc7 (30. Nxg6 $1 $16 Rxb7 31. Nh4) 30... Rdb3 $11 31. R1c2 {Weighted
Error Value: White=0.12/Black=0.13} 1/2-1/2

[Event "23rd ETCC Open 2021"]
[Site "Catez"]
[Date "2021.11.14"]
[Round "3.23"]
[White "Postny, Evgeny"]
[Black "Hovhannisyan, Robert"]
[Result "1/2-1/2"]
[WhiteElo "2557"]
[BlackElo "2622"]
[Annotator "TA"]
[PlyCount "119"]
[EventDate "2021.11.08"]
[EventType "team-tourn"]
[EventCountry "SLO"]
[SourceTitle "playchess.com"]
[Source "ChessBase"]
[SourceQuality "1"]
[WhiteTeam "Israel"]
[BlackTeam "Armenia"]
[WhiteTeamCountry "ISR"]
[BlackTeamCountry "ARM"]

{[%evp 11,119,16,12,24,15,7,11,0,24,-10,-9,-10,-13,-8,2,-14,-7,-24,-21,-15,-8,
-5,-6,-7,-6,-8,-1,-12,-5,-8,-7,-4,0,-17,-13,-44,-6,-10,-6,0,0,0,0,0,0,0,0,0,0,
0,0,0,0,0,0,0,-2,-2,0,0,17,9,16,8,10,10,14,5,13,5,6,13,42,0,0,0,0,0,0,0,0,0,0,
0,0,0,0,0,0,0,0,0,0,0,0,0,0,0,0,0,0,0,0,0,0,0,0,0,0,0]} 1. d4 d5 2. c4 c6 3.
Nf3 Nf6 4. Qb3 e6 5. Bg5 Nbd7 6. Nc3 h6 {Recently 6...Qa5 got a lot of
attention.} 7. Bh4 {D43: Semi-Slav: 5 Bg5 h6.} dxc4 8. Qxc4 a6 9. e3 c5 10. Be2
b5 11. Qb3 {[#]} Bb7 $146 ({Predecessor:} 11... Be7 12. O-O O-O 13. Rfd1 Bb7
14. Rac1 cxd4 15. Nxd4 Qb6 16. a4 b4 17. Nb1 Ne5 {1-0 (34) Dydyshko,V-Smagin,S
(2270) Ivano Frankivsk 1982}) 12. O-O Rc8 13. a3 Bd6 14. Rfd1 Qc7 {...Bxf3 is
the strong threat.} 15. Bg3 Bxg3 16. hxg3 O-O 17. Rac1 Rfd8 18. dxc5 Nxc5 19.
Qb4 Nce4 20. Nxe4 Rxd1+ 21. Rxd1 {[#] Threatens to win with Nxf6+.} Bxe4 22.
Qd2 Bd5 23. Bd3 (23. Qd4 {with more complications.} Bb3 24. Re1 Qc6 25. Qb4 Bd5
26. Rd1) 23... Qb7 24. Rc1 Rxc1+ 25. Qxc1 Be4 26. Be2 Qd5 27. Ne1 Kh7 28. Qd1
Qe5 29. Qd2 Bg6 30. Nf3 Qf5 31. Qc1 Qd5 32. Ne1 Nd7 (32... e5 {looks sharper.}
33. Nf3 Bh5 34. a4 bxa4 35. Qc2+ Bg6) 33. Qd1 Qxd1 34. Bxd1 $11 {[%mdl 4096]
Endgame KBN-KBN} Nb6 35. Bb3 e5 36. Kf1 f6 37. Ke2 Be4 38. f3 Bc6 39. Nd3 a5 {
[%cal Ba6a5,Ba5a4][%mdl 32]} 40. Nc5 h5 41. Be6 Kg6 42. Nb3 (42. e4 {is
interesting.} b4 43. axb4 Bb5+ 44. Kd1 axb4 45. Kc2) 42... a4 {The position is
equal.} 43. Na5 Bd5 44. Bxd5 Nxd5 {KN-KN} 45. Nb7 f5 46. Nd6 Nc7 47. e4 fxe4
48. Nxe4 Kf5 49. Nc3 Ke6 50. Kd3 Kd6 51. Ke4 g6 52. f4 exf4 53. gxf4 h4 54. Nb1
Ne6 55. Nd2 g5 56. fxg5 Nxg5+ 57. Kf4 h3 58. gxh3 Nxh3+ 59. Ke3 Kc5 60. Ke4 {
An uneventful encounter.  Weighted Error Value: White=0.04/Black=0.03} 1/2-1/2